| 000 | 00692nam a22002055i 4500 | ||
|---|---|---|---|
| 001 | 167902 | ||
| 003 | ES-MaACL | ||
| 005 | 20240516063104.0 | ||
| 008 | 051004q18501950sp | |||||||| ||spa d | ||
| 040 |
_aCAM _bspa _cCAM |
||
| 100 | 0 |
_aWells, H. G., _d1866-1946 _9116458 |
|
| 245 | 1 | 4 |
_aThe invisible man / _cH.G. Wells. |
| 260 |
_aLondon [etc.] : _bT. Nelson & Sons, _c[s.a.] |
||
| 300 |
_a275 p. ; _c17 cm. |
||
| 596 | _aImpreso probablemente a finales del s. XIX, principios del XX. | ||
| 710 | 2 |
_aThomas Nelson and Sons, _eed. _9134972 |
|
| 752 |
_aGran BretaƱa - _dLondres |
||
| 852 |
_aES-MaACL _jG-2077 _z-- Enc. editorial en tela roja |
||
| 999 |
_c167902 _d167902 |
||